Property Week supplement (Record no. 80414)

MARC details
000 -LEADER
fixed length control field 01054cab a22002415a 4500
001 - CONTROL NUMBER
control field L140645
008 - FIXED-LENGTH DATA ELEMENTS--GENERAL INFORMATION
fixed length control field 080708s20080704xxkado f s 000 0 eng d
035 ## - SYSTEM CONTROL NUMBER
System control number (Sirsi) u144274
041 0# - LANGUAGE CODE
Language code of text/sound track or separate title eng
100 1# - MAIN ENTRY--PERSONAL NAME
Personal name Watson, Stuart
245 00 - TITLE STATEMENT
Title Property Week supplement
Remainder of title Midlands
260 ## - PUBLICATION, DISTRIBUTION, ETC.
Date of publication, distribution, etc. 2008
490 ## - SERIES STATEMENT
Series statement Property Week Supplement
Volume/sequential designation 72(30) 4 July 2008
520 ## - SUMMARY, ETC.
Summary, etc. Regional report on the Midlands area. Considers the market for out-of-town business parks in Birmingham. Reports on the downturn in the industrial sector. Presents research from CB Richard Ellis showing how Nottingham is still strong despite the economic downturn (tables). Explains leisure development in schemes such as Alton Towers. Reports on a regenration sheme at Longbridge. Reports on plans to develop Kettering as a retail hub.
590 ## - LOCAL NOTE (RLIN)
Local note KA
651 #4 - SUBJECT ADDED ENTRY--GEOGRAPHIC NAME
Geographic name Midlands
690 ## - LOCAL SUBJECT ADDED ENTRY--TOPICAL TERM (OCLC, RLIN)
Topical term or geographic name as entry element PROPERTY-COMMERCIAL PROPERTY-COMMERCIAL PROPERTY MARKET
700 1# - ADDED ENTRY--PERSONAL NAME
Personal name Watson, Stuart
700 1# - ADDED ENTRY--PERSONAL NAME
Personal name Shah, Aditi
700 1# - ADDED ENTRY--PERSONAL NAME
Personal name Heap, Richard
700 1# - ADDED ENTRY--PERSONAL NAME
Personal name McAllister, Sean
942 ## - ADDED ENTRY ELEMENTS (KOHA)
Suppress in OPAC 0
Holdings
Withdrawn status Lost status Source of classification or shelving scheme Damaged status Not for loan Home library Current library Shelving location Date acquired Total Checkouts Full call number Barcode Date last seen Copy number Price effective from Koha item type
    Dewey Decimal Classification     London London Journal article 08/07/2008   L144274 3007219 06/08/2019 1 06/08/2019 Journal article